| 000 | 02731nam a22002897a 4500 | ||
|---|---|---|---|
| 003 | OSt | ||
| 005 | 20210220143501.0 | ||
| 008 | 210220b ||||| |||| 00| 0 eng d | ||
| 010 | _a2015458401 | ||
| 020 | _a9780803644144 | ||
| 020 | _a0803644140 | ||
| 040 |
_aPHNSL _cPHNSL |
||
| 100 | _aNugent, Patricia Mary | ||
| 245 |
_aFundamentals success : _b a Q & A review applying critical thinking to test taking / _c Patricia M. Nugent, and Barbara A. Vitale. |
||
| 246 | _aQ & A review applying critical thinking to test taking | ||
| 250 | _aFourth edition. | ||
| 260 |
_aPhiladelphia : _bF.A. Davis, _c2015. |
||
| 300 |
_axxii, 584 p. : _bill. |
||
| 490 | _aDavis's success series | ||
| 504 | _aIncludes bibliographical references and index. | ||
| 505 | _a Fundamentals of Critical Thinking Related to Test Taking. Introduction -- Maximize your critical-thinking abilities -- Critical thinking applied to test taking -- Critical-thinking strategy to answer nursing questions : the race model -- Summary -- Nursing Within the Context of Contemporary Health Care. Theory-based nursing care -- Legal and ethical issues -- Leadership and management -- Health-care delivery -- Community-based nursing -- Psychosociocultural Nursing Care. Nursing care across the life span -- Communication -- Psychological support -- Teaching and learning -- Essential Components of Nursing Care. Nursing process -- Physical assessment -- Infection control -- Safety -- Medication administration -- Pharmacology -- Basic Human Needs and Related Nursing Care. Hygiene -- Mobility -- Nutrition -- Oxygenation -- Urinary elimination -- Fluids and electrolytes -- Gastrointestinal system -- Pain, comfort, rest, and sleep -- Perioperative nursing -- Alternate Item Formats. Answers and rationales -- Comprehensive Final Book Exam. Questions -- Answers and rationales -- Glossary of English words commonly encountered on nursing examinations. | ||
| 520 | _a Master the fundamentals of nursing while developing your critical thinking and test-taking skills. More than 1,340 classroom-tested, NCLEX-style questions--including more than 440 alternate-item-format questions--reflect the latest advances in medical technology as well as the most recent guidelines and standards of care for nursing practice. An easy-to-follow format organizes information into 24 content areas. Each question provides answers and rationales for correct and incorrect responses and strategies for how to develop your critical-thinking skills. | ||
| 650 |
_aNursing - Examinations, questions, etc. _vNursing - Examinations - Study guides. _xCritical thinking. |
||
| 650 |
_aNursing. _vProblem Solving. |
||
| 700 | _aVitale, Barbara Ann | ||
| 942 |
_2lcc _cBK |
||
| 999 |
_c505 _d505 |
||